000 00699nam a2200253Ia 4500
003 OSt
005 20220928124123.0
006 a|||||r|||| 00| 0
007 ta
008 220927b |||||||| |||| 00| 0 eng d
024 _a59881
037 _cTextual
040 _aSDCL
_cSDCL
_beng
041 _2eng
_aeng
082 _aR673, P0
100 _aSchomerus H W
_9463425
245 0 _aSaiva siddhanta .
260 _aDelhi
_bMotilal Baranasidass
_c2000
300 _axv,410p.
_ccm.
700 _a Law Mery Tr.
_9463426
700 _a Palmer Humphrey Ed.
_9463427
942 _hR673, P0
_cTEXL
_2CC
999 _c776339
_d776339